| Поле | Название | Значение |
| |
Тип записи |
a |
| |
Библиографический уровень |
m |
| 001 |
Контрольный номер |
8088f1b065e94282bf1c051a8c95ff55 |
| 005 |
Дата корректировки |
20201221140458.0 |
| 010 |
Индекс ISBN |
__ |
| a |
ISBN |
978-5-8128-0276-9 |
| d |
Цена |
768-90 |
| 100 |
Данные общей обработки |
__ |
| a |
Данные общей обработки |
19201006d2019||||||| 0rusy0189 ca |
| 101 |
Язык документа |
0_ |
| a |
Язык текста |
rus |
| 102 |
Страна публикации |
__ |
| a |
Страна публикации |
ru |
| 102 |
Страна публикации |
__ |
| a |
Страна публикации |
RU |
| 105 |
Кодированные данные (монография) |
__ |
| a |
Кодированные данные (монография) |
a||||||||||zy |
| 203 |
Вид содержания и тип средства |
__ |
| a |
Вид содержания |
Текст |
| a |
Вид содержания |
Музыка |
| c |
Тип средства |
непосредственные |
| 210 |
Выходные данные |
__ |
| d |
Дата издания |
2019 |
| 215 |
Физическое описание |
__ |
| a |
Объем |
139 с., [10] л. ил. |
| c |
Иллюстрации/тип воспроизводства |
цв. фот., портр., ноты |
| 320 |
Библиография |
__ |
| a |
Библиография |
Библиография: с. 137 (21 название) |
| 461 |
Уровень набора |
__ |
| 1 |
|
200 |
| a |
|
Русские традиции. Русский фольклор в песне и танце |
| v |
|
Ч. 2 |
| 1 |
|
210 |
| a |
|
Санкт-Петербург |
| c |
|
Союз художников |
| d |
|
2019 |
| 1 |
|
225 |
| 1 |
|
010 |
| 606 |
Тематические рубрики |
__ |
| a |
Основная рубрика |
Музыка и зрелищные искусства |
| 606 |
Тематические рубрики |
__ |
| a |
Основная рубрика |
История музыки |
| y |
Географическая подрубрика |
Архангельская область |
| y |
Географическая подрубрика |
Карелия |
| 610 |
Ключевые слова |
__ |
| a |
Ключевые слова |
русский фольклор |
| 610 |
Ключевые слова |
__ |
| a |
Ключевые слова |
музыкальный фольклор |
| 610 |
Ключевые слова |
__ |
| a |
Ключевые слова |
песенный фольклор |
| 610 |
Ключевые слова |
__ |
| a |
Ключевые слова |
танцевальный фольклор |
| 610 |
Ключевые слова |
__ |
| a |
Ключевые слова |
детский фольклор |
| 610 |
Ключевые слова |
__ |
| a |
Ключевые слова |
детские песни |
| 610 |
Ключевые слова |
__ |
| a |
Ключевые слова |
народные танцы |
| 610 |
Ключевые слова |
__ |
| a |
Ключевые слова |
народные песни |
| 610 |
Ключевые слова |
__ |
| a |
Ключевые слова |
русские песни |
| 610 |
Ключевые слова |
__ |
| a |
Ключевые слова |
русские танцы |
| 610 |
Ключевые слова |
__ |
| a |
Ключевые слова |
русские народные песни |
| 610 |
Ключевые слова |
__ |
| a |
Ключевые слова |
русские народные танцы |
| 686 |
Индексы других классификаций |
__ |
| 2 |
Код системы |
rubbks |
| a |
Классификационный индекс |
85.313(2=411.2)-2; ст85.313(2) |
| 801 |
Источник записи |
_0 |
| a |
Страна |
ru |
| b |
Организация |
Муниципальное бюджетное учреждение культуры "Централизованная библиотечная система" г. Сургут (Центральная городская библиотека им. А. С. Пушкина) |
| c |
Дата составления |
20201006 |
| g |
Правила каталогизации |
PSBO |
| 801 |
Источник записи |
_1 |
| a |
Страна |
ru |
| b |
Организация |
Муниципальное бюджетное учреждение культуры "Централизованная библиотечная система" г. Сургут (Центральная городская библиотека им. А. С. Пушкина) |
| c |
Дата составления |
20201006 |
| g |
Правила каталогизации |
PSBO |
| 852 |
Данные о местонахождении |
__ |
| j |
Шифр хранения |
85.313(2=411.2)-2 |
| i |
Авторский знак |
Р 89 |
| 901 |
Тип документа |
__ |
| t |
Тип документа |
n |
| a |
Ответственный |
КиК/Котельникова |
| w |
Контрольный № источника |
f1a6e8f535c142b9936d1c3d2480b4a2 |
| 903 |
Характеристики (МАРС) |
__ |
| a |
Дата передачи |
20201006 |
| 911 |
|
__ |
| u |
|
336a=Текст |
| u |
|
336a=Музыка |
| 911 |
|
__ |
| u |
|
337a=непосредственные |
| 990 |
Данные о заказе (DOS) |
__ |
| j |
Количество экземпляров (DOS) |
13 |
| t |
N записи в КСУ для И/У (DOS) |
202009 |